[Event "84th Annual Southwest Open"]
[Site "Irving"]
[Date "2018.09.02"]
[Round "5"]
[White "Cervantes Landeiro, Thalia"]
[Black "Kumar, Nikhil"]
[Result "0-1"]
[WhiteElo "2172"]
[BlackElo "2268"]
[Annotator "TA"]
[PlyCount "120"]
[EventDate "2018.08.31"]
[EventType "swiss"]
[EventCountry "USA"]
[SourceTitle "playchess.com"]
[Source "ChessBase"]
[SourceQuality "1"]

{[%evp 23,120,0,0,0,0,0,93,106,116,97,107,64,123,119,105,112,102,29,29,27,30,-35,-43,-35,-26,-45,-11,-12,-10,-32,-10,-21,-16,-12,-11,-54,0,-19,0,-18,-9,-20,-8,-29,0,-25,-37,-153,-76,-82,-86,-92,-89,-96,-76,-146,-110,-128,-80,-218,-210,-377,-443,-454,-429,-437,-412,-461,-432,-604,-585,-570,-531,-605,-578,-1427,-1411,-1411,-1330,-1135,-1026,-2922,-2343,-5378,-2398,-5963,-4125,-5689,-4397,-5297,-3341,-29967,-29958,-29980,-29981,-29979,-29980,-29984,-29984]} 1. d4 Nf6 2. c4 e6 3. Nc3 Bb4 4. Nf3 b6 5. e3 Bb7 6. Bd3 O-O 7. O-O d5 8. cxd5 exd5 9. a3 Bd6 10. b4 a6 11. Qb3 Qe7 12. Re1 {E52: Nimzo-Indian: Rubinstein: 4...0-0 5 Nf3 d5 6 Bd3 b6} (12. Ra2 Nbd7 13. Re2 b5 14. a4 Bxb4 15. axb5 axb5 16. Nxb5 c6 17. Rb2 Ba5 18. Nc3 Ba6 19. Bxa6 Rxa6 {½-½ (34) Beliavsky,A (2602)-Navara,D (2742) Baku 2016}) 12... Nbd7 {LiveBook: 7 Games} 13. h3 Rfe8 14. Bb2 {The position is equal.} c6 $146 (14... Rab8 $11 {remains equal.}) ({Predecessor:} 14... h6 15. Bf5 Rab8 16. Rad1 c5 17. Bxd7 c4 18. Qc2 Nxd7 19. Re2 b5 {1-0 (99) Kashlinskaya,A (2433)-Zaiatz,E (2401) Bilbao 2014}) 15. e4 $1 $16 {[%cal Re4e5]} dxe4 16. Nxe4 {Black must now prevent Neg5.} Qf8 17. Nfg5 Nxe4 (17... Be7 $14) 18. Nxe4 Be7 19. Bc2 Nf6 20. Ng5 (20. Qd3 $1 $16 {Threatening mate with Nxf6+.} g6 21. d5 Nxd5 22. Qd4) 20... g6 $11 21. d5 Nxd5 22. Ne4 (22. Qg3 $11) 22... f5 $1 $15 {[%cal Rf5e4]} 23. Nd2 {[%cal Be4d2,Bd2c4,Bc4d6][%mdl 32]} Bf6 24. Nc4 Bxb2 (24... Kg7 {feels hotter.} 25. Rad1 Rad8 26. Bxf6+ Qxf6 27. Qg3 f4) 25. Qxb2 Qg7 26. Qxg7+ Kxg7 27. Nd6 Rxe1+ 28. Rxe1 Rb8 29. Bb3 Kf8 (29... Ba8 $1 $15) 30. Rc1 Ne7 31. g4 Bc8 32. f3 Bd7 33. Kf2 Be8 34. Kg3 Rd8 35. Nc4 {[#]} (35. Rd1 $15) 35... Bf7 (35... Rd3 $142 $1 {[%cal Rd3b3]} 36. Ba2 b5) 36. Rc3 $17 {[#]} f4+ $1 {[%mdl 512]} 37. Kf2 (37. Kxf4 Nd5+) 37... Bxc4 38. Bxc4 {[%mdl 4096] Endgame KRB-KRN} b5 39. Be2 (39. Bd3 $142) 39... Rd6 40. h4 Kf7 41. Rd3 {[#]} (41. Bd3 $17 {might work better.}) 41... Ke6 $1 $19 42. Ke1 $2 (42. Rc3) 42... Rxd3 43. Bxd3 {KB-KN} Ke5 44. Kd2 Kd4 45. g5 Nd5 46. h5 gxh5 47. Bxh7 h4 48. Bf5 Ke5 49. Bd7 Nb6 50. Bh3 Nc4+ 51. Kc3 Nxa3 52. g6 Kf6 53. Kd4 Nc2+ (53... Kxg6 $142 54. Kd3 Nc4) 54. Kc3 Ne3 55. Kd4 Kxg6 56. Kc5 Nc2 57. Bf1 Ne1 {Black mates.} 58. Kxc6 Nxf3 59. Kb6 Nd2 60. Bd3+ Kg5 {Precision: White = 22%, Black = 66%.} 0-1

[Event "84th Annual Southwest Open"]
[Site "Irving"]
[Date "2018.09.02"]
[Round "5"]
[White "Kung, Thomas"]
[Black "Huang, Max"]
[Result "1-0"]
[WhiteElo "2132"]
[BlackElo "1805"]
[Annotator "TA"]
[PlyCount "53"]
[EventDate "2018.08.31"]
[EventType "swiss"]
[EventCountry "USA"]
[SourceTitle "playchess.com"]
[Source "ChessBase"]
[SourceQuality "1"]

{[%evp 19,53,43,64,37,49,49,50,49,66,34,27,0,0,0,0,0,0,-22,-14,-28,-32,-21,-48,-72,0,-2,98,111,126,135,630,622,1179,1146,29992,29993]} 1. e4 c5 2. Nf3 e6 3. d4 cxd4 4. Nxd4 a6 5. c4 Qc7 6. Nc3 d6 7. Be2 Nf6 8. O-O Nbd7 {B41: Sicilian: Kan Variation: 5 c4} (8... b6 9. Be3 Bb7 10. f3 Be7 11. Qd2 O-O 12. Rfc1 Rc8 13. Kh1 Nbd7 14. a4 Rab8 15. b4 Qd8 16. Nb3 Ba8 17. a5 bxa5 18. Nxa5 Rxb4 19. Nb5 axb5 20. Qxb4 bxc4 21. Rxc4 {1-0 (99) Duda,J (2671)-Artemiev,V (2653) Martuni 2016}) 9. f4 b6 10. Bf3 Bb7 {LiveBook: 5 Games. White is slightly better.} 11. b3 Be7 12. Bb2 O-O 13. Qe2 Rfe8 14. Rac1 $146 ({Predecessor:} 14. Rae1 Rac8 15. e5 Bxf3 16. Nxf3 dxe5 17. fxe5 {1-0 (55) Palkovi,J (2420)-Orso,M (2375) Nagykanizsa 1988}) 14... Bf8 15. g4 {aiming for g5.} e5 16. Nd5 Qd8 17. fxe5 Nxe5 18. Bg2 Nexg4 19. Rf4 (19. Rc3 $5 {[%cal Rc3g3]}) 19... Nxd5 20. Rxg4 Nf6 21. Rf4 {[#]} d5 $1 {[%mdl 512]} 22. e5 $11 (22. cxd5 Nxd5) 22... Nd7 (22... Qb8 $11 23. Nf5 Bc5+ 24. Kh1 d4) 23. e6 $36 {[%mdl 2048] White is in control.} fxe6 24. Nxe6 {Threatens to win with Qg4.} Qb8 $2 {[%mdl 8192]} (24... Qg5 $16) 25. Qg4 $18 {Rxf8+! would kill now.} g6 {[#]} 26. Rxf8+ $1 {[%mdl 512]} Nxf8 27. Qd4 {Precision: White = 44%, Black = 28%.} 1-0

[Event "84th Annual Southwest Open"]
[Site "Irving"]
[Date "2018.09.02"]
[Round "5"]
[White "Dejmek, Mark"]
[Black "Easton, Jack"]
[Result "1/2-1/2"]
[WhiteElo "1998"]
[BlackElo "2262"]
[Annotator "TA"]
[PlyCount "48"]
[EventDate "2018.08.31"]
[EventType "swiss"]
[EventCountry "USA"]
[SourceTitle "playchess.com"]
[Source "ChessBase"]
[SourceQuality "1"]

{[%evp 14,48,50,52,52,47,94,84,97,102,98,74,88,68,63,70,93,64,104,102,104,96,108,113,109,95,94,96,164,168,157,164,180,0,97,61,706]} 1. e4 c5 2. Nf3 Nc6 3. Nc3 Nf6 4. Bb5 Qc7 5. d3 (5. O-O Nd4 6. Re1 a6 7. Bf1 Ng4 8. g3 Nxf3+ 9. Qxf3 Ne5 10. Qe2 d6 11. Nd5 Qd8 12. Bg2 e6 13. Ne3 g6 14. b4 cxb4 {1-0 (35) Wei,Y (2735)-Inarkiev,E (2690) Magas 2018}) 5... Nd4 6. Bc4 {B30: Sizilianisch (Rossolimo-Variante)} a6 7. Nxd4 cxd4 8. Ne2 {LiveBook: 3 Partien} b5 9. Bb3 Qc5 $146 ({Vorgänger:} 9... e5 10. O-O d6 11. f4 Be6 12. Ng3 Bxb3 13. cxb3 {0-1 (47) Prathamesh,S (2408)-Stany,G (2329) New Delhi 2010}) 10. O-O Bb7 11. c3 dxc3 12. Nxc3 Qc7 13. Bg5 e6 14. Rc1 {Droht stark Sxb5!} Qb8 15. Qe2 Be7 {[#]} 16. e5 $1 {[%cal Re5f6]} Ng8 17. Bd2 $36 {[%mdl 2048] Läuft bei Weiss.} Bd8 18. Ne4 Bxe4 19. Qxe4 Ne7 20. Bb4 O-O (20... Ra7 $16) 21. Bd6 $18 Qa7 22. Bc5 Qb8 {[#]} 23. Bd6 ({Lieber} 23. d4 $1 $18) 23... Qa7 $16 24. d4 Qb8 $2 {[%mdl 40960] Precision: Weiß = 73%, Schwarz = 66%. . An unexpected result.} (24... Re8 $14) 1/2-1/2

[Event "84th Annual Southwest Open"]
[Site "Irving"]
[Date "2018.09.02"]
[Round "5"]
[White "Free, Graham"]
[Black "Polavaram, Rithik"]
[Result "1-0"]
[WhiteElo "1926"]
[BlackElo "2108"]
[Annotator "TA"]
[PlyCount "65"]
[EventDate "2018.08.31"]
[EventType "swiss"]
[EventCountry "USA"]
[SourceTitle "playchess.com"]
[Source "ChessBase"]
[SourceQuality "1"]

{[%evp 18,65,8,6,10,6,17,14,41,40,58,0,0,0,86,77,46,-64,-64,-58,-58,-58,-58,-61,-60,-61,-58,-61,-64,-73,-78,-76,-76,-80,-73,-68,-70,-94,-61,-61,-61,-61,-61,-62,-37,-37,-37,-45,-41,-44]} 1. d4 Nf6 2. Bf4 e6 3. Nf3 d5 4. e3 Bd6 5. Nbd2 O-O 6. c3 {D02: Damenbauernspiele} Bxf4 7. exf4 Qd6 8. g3 b6 9. Bd3 c5 (9... Ba6 10. Bxa6 Nxa6 11. Qe2 Nb8 12. a4 c5 13. O-O Nc6 14. Nb3 {0-1 (33) Nakamura,H (2769)-Anand,V (2759) Leuven 2018}) 10. Qe2 {LiveBook: 4 Partien} Nc6 11. a3 Nd7 $146 ({Vorgänger:} 11... cxd4 12. cxd4 a5 13. O-O Bb7 14. Rac1 {½-½ (25) Arindam,M (2265)-Karthikeyan,M (2299) Kolkata 2012}) 12. O-O f6 13. Rfe1 Re8 14. c4 (14. Ne5 $14 fxe5 15. Bxh7+ $1 {[%mdl 512]} (15. dxe5 $2 Qe7 $19) 15... Kxh7 16. Qh5+ Kg8 17. Qxe8+ Nf8 18. fxe5 (18. dxe5 Qd7 $14)) 14... Ba6 $11 15. Nb3 e5 {[#]} (15... Nxd4 $11 {hält das Gleichgewicht.} 16. Nfxd4 cxd4) 16. dxe5 $1 $16 fxe5 {...e4 ist eine echte Drohung.} 17. cxd5 (17. Rad1 $14) 17... Bxd3 $15 18. Qxd3 {Droht stark Tad1.} exf4 19. Nbd2 Nce5 20. Nxe5 Nxe5 21. Qe4 fxg3 22. hxg3 Rad8 23. Nf3 Nxf3+ 24. Qxf3 Rf8 25. Qg4 Qxd5 26. Re7 {[%csl Ge7][%cal Rg4g7]} Rf7 27. Rae1 Rxe7 (27... h6 {is more complex.} 28. Rxf7 Qxf7 29. Qe4 Rd4 30. Qa8+ Kh7) 28. Rxe7 {[%csl Ge7][%cal Rg4g7] Schwarz steht etwas besser.} Qd1+ 29. Qxd1 Rxd1+ $17 {KT-KT} 30. Kg2 Rd2 31. b4 cxb4 32. axb4 Ra2 33. b5 {[%mdl 32768] Precision: Weiß = 70%, Schwarz = 55%. . Loss on Time!?} 1-0

[Event "84th Annual Southwest Open"]
[Site "Irving"]
[Date "2018.09.02"]
[Round "5"]
[White "Oberoi, Shelev"]
[Black "Lin, Andy"]
[Result "0-1"]
[WhiteElo "1896"]
[BlackElo "2274"]
[Annotator "TA"]
[PlyCount "160"]
[EventDate "2018.08.31"]
[EventType "swiss"]
[EventCountry "USA"]
[SourceTitle "playchess.com"]
[Source "ChessBase"]
[SourceQuality "1"]

{[%evp 27,160,-50,-26,-56,-31,-37,0,-68,-53,-65,-52,-58,-50,-55,-57,-67,-60,-57,-32,-45,-37,-50,-40,-57,0,0,0,0,16,7,8,9,53,44,79,85,125,40,54,56,64,32,73,42,152,0,81,70,78,98,87,74,100,64,253,226,222,0,0,0,135,-127,-126,-128,-122,-256,-257,-231,-8,-8,-8,-4,-15,-312,-287,-293,-286,-274,-262,-299,-295,-418,-398,-1110,-29963,-29944,-12849,-4133,-1012,-979,-545,-571,-544,-585,-541,-680,-617,-665,-633,-908,-843,-778,-778,-907,-913,-1363,-1324,-6535,-29956,-29961,-12675,-29967,-29968,-29970,-29971,-29977,-29978,-29979,-29980,-29987,-29988,-29988,-29989,-29990,-29991,-29991,-29992,-29992,-29993,-29996,-29997,-29997,-29998,-29998,-29999]} 1. e4 c5 2. c3 d5 3. exd5 Qxd5 4. d4 Nf6 5. Nf3 Nc6 6. Be2 e6 7. O-O cxd4 8. cxd4 Be7 9. Nc3 Qd6 10. Be3 O-O 11. a3 b6 12. Qb3 {B22: Sicilian: 2 c3} (12. b4 Bb7 13. h3 Rac8 14. Qb3 Rfd8 15. Rfd1 h6 16. Rac1 Bf8 17. Bc4 Ne7 18. Ne5 Ned5 19. Nxd5 Bxd5 {0-1 (60) Wang,C (2490)-Yu,Y (2615) Xinghua 2012}) 12... Bb7 13. Rfd1 Rac8 14. Rac1 Rfd8 {LiveBook: 4 Games} 15. Bg5 Qb8 $146 ({Predecessor:} 15... Nd5 16. Nxd5 Bxg5 17. Nxb6 axb6 18. Nxg5 Nxd4 19. Qe3 Rxc1 20. Rxc1 {½-½ (40) Liberadzki,S (2095)-Simantsev,M (2459) Gora Sw Anny 2014}) 16. Bh4 Nh5 {aiming for ...Bxh4.} 17. Bxe7 (17. d5 $11 Na5 18. Qa4 Bxh4 19. Qxh4) 17... Nxe7 $15 18. g3 Nf6 19. Ne5 Nf5 20. Qa4 Rc7 21. Rc2 Qc8 22. Rcd2 a6 23. Qb4 b5 24. a4 bxa4 25. Nxa4 Rc1 (25... Ne4 $15 26. Rd3 Rc2) 26. Nc5 $11 Rxd1+ 27. Rxd1 Bd5 28. Bxa6 Qa8 29. Be2 h5 30. Qc3 h4 31. g4 $1 $36 {[%cal Rg4f5][%mdl 2048] White is really pushing.} Nd6 32. f3 (32. Qh3 $16) 32... Rb8 33. b3 Qa2 34. Rd2 Qa3 35. Qb2 Qb4 {[#]} (35... Qa7 $14) 36. Ned3 $2 ({Don't do} 36. Na6 Qb7) ({White must play} 36. g5 $1 $16 {[%cal Rg5f6]} Nh5 37. Na6) 36... Qb6 (36... Qa5 $11 {keeps the balance.} 37. Ne5 Nh7) 37. g5 $16 Nh7 38. Nd7 Qb7 39. N3c5 ({Much weaker is} 39. Nxb8 $6 Nxg5 40. Ne5 Qxb8 $11) 39... Qa8 40. Nxb8 Nxg5 $2 (40... Qxb8 $14 41. g6 Ng5) 41. Nbd7 $18 {Strongly threatening Nb6.} Bxf3 42. Qa2 $2 ({White should play} 42. Bf1 $18) 42... Qd5 $1 $11 43. Kf2 Nde4+ (43... Bxe2 $1 $11 {remains equal.} 44. Rxe2 Qxd4+ 45. Kf1 Qd5) 44. Nxe4 $4 {[%mdl 8192]} (44. Ke3 $16 {is forced if you want to stay better.} Bxe2 45. Rxe2) 44... Nxe4+ $17 45. Ke3 Nxd2 46. Kxd2 (46. Qxd2 $17 Bxe2 47. Qxe2 Qxd7 48. b4) 46... Qxd4+ ({Not} 46... Qxd7 47. Bxf3 Qxd4+ 48. Ke2 $16) 47. Ke1 {[#]} Bg2 $2 (47... Bc6 $1 $19 48. Qd2 Qa1+ 49. Qd1 Qxd1+ 50. Kxd1 Bxd7) 48. Qa4 $11 Qg1+ 49. Kd2 Qxh2 50. Qc4 $2 {[%mdl 8192]} (50. Qg4 $1 $11 {and White is okay.} Qd6+ 51. Ke1) 50... Qd6+ 51. Ke3 Qxd7 52. Qxh4 Qc7 53. Bd3 g6 54. Qd4 (54. Bc4 $142) 54... Qc1+ $19 55. Kf2 $2 (55. Ke2 e5 56. Qb6) 55... Qd2+ 56. Kg1 Bd5 {[%csl Gd5][%cal Rd2g2]} 57. Kf1 Qd1+ (57... f5 $142 58. Qf6 Qxd3+ 59. Kf2 Qf3+ 60. Ke1 Qe3+ 61. Kf1 Qg3) 58. Kf2 Qxb3 59. Ke2 Qa2+ 60. Ke3 Qg2 {( -> ...Qg1+)} 61. Qf6 Qh3+ 62. Kd2 Qh8 63. Qd8+ Kg7 64. Qc7 Qh6+ 65. Kc2 Qe3 66. Qd6 g5 67. Qh2 f5 68. Qc7+ Kg6 69. Qe7 g4 {Black mates.} 70. Qe8+ Kg5 71. Qe7+ Kf4 72. Qd6+ Kf3 73. Bxf5 exf5 74. Qxd5+ Qe4+ 75. Qxe4+ fxe4 {KP-KP} 76. Kd2 e3+ 77. Ke1 g3 {[%cal Bg4g3,Bg3g2][%mdl 32]} 78. Kf1 g2+ 79. Kg1 e2 80. Kh2 e1=Q {Precision: White = 29%, Black = 56%.} 0-1

[Event "84th Annual Southwest Open"]
[Site "Irving"]
[Date "2018.09.02"]
[Round "6"]
[White "Kovalyov, Anton"]
[Black "Sadorra, Julio Catalino"]
[Result "0-1"]
[WhiteElo "2644"]
[BlackElo "2555"]
[Annotator "TA"]
[PlyCount "68"]
[EventDate "2018.08.31"]
[EventType "swiss"]
[EventCountry "USA"]
[SourceTitle "playchess.com"]
[Source "ChessBase"]
[SourceQuality "1"]

{[%evp 23,68,0,-2,-46,-44,-30,-27,-42,0,-9,-7,-54,-44,-63,0,-32,-31,-19,-20,-49,-42,-37,-37,-79,-104,-291,-170,-289,-241,-231,-221,-598,-611,-599,-492,-608,-587,-573,-531,-1143,-1130,-1441,-1482,-1955,-1896,-1864,-1821]} 1. c4 e6 2. g3 d5 3. Bg2 Nf6 4. Nf3 Be7 5. O-O O-O 6. b3 b6 7. Bb2 Bb7 8. cxd5 Nxd5 9. d4 c5 10. Nbd2 Nd7 11. Rc1 Rc8 12. dxc5 Nxc5 13. Nd4 {A14: English Opening: 1...e6 with b3 by White} (13. a3 b5 14. Rc2 Qb6 15. Bd4 Qa6 16. b4 Na4 17. Nb3 f6 18. Na5 Ba8 19. Bh3 f5 20. Bg2 Qd6 {0-1 (44) Rubinetti,J (2430)-Spassky,B (2640) Buenos Aires 1979}) 13... Bg5 $146 ({Predecessor:} 13... Qd7 14. Nc4 Bf6 {0-1 (34) Krupicka,J (1901)-Horak,M (1828) Hrdonov 2013}) 14. N4f3 Bf6 15. Ne5 {Black has an edge.} Bg5 16. Nef3 Bh6 17. Rc4 b5 18. Rh4 b4 (18... f5 $15) 19. Qe1 a5 {[%cal Ba7a5,Ba5a4,Ba4a3][%mdl 32]} 20. Nc4 a4 21. Nce5 f5 $36 {[%mdl 2048] Black has some pressure.} 22. Nd3 a3 23. Ba1 Ne4 $1 24. Nd4 $2 (24. Rxh6 $17 gxh6 25. Nxb4) 24... Qd6 (24... Bd2 $142 25. Qd1 Ne3 $1 {[%mdl 512]} 26. Nxe6 Qe7 27. fxe3 Bxe3+ 28. Kh1 Qxe6) 25. Nf3 (25. Rxe4 $142 fxe4 26. Bxe4) 25... Ndc3 26. Bxc3 bxc3 {[%cal Bb4c3,Bc3c2][%mdl 32]} ({Less strong is} 26... Nxc3 27. Rxb4 Bd5 28. Rd4 $15) 27. Nfe5 $2 (27. Rxh6 gxh6 28. Qc1) 27... Bd2 $19 {Black is clearly winning.} 28. Qa1 c2 {White must now prevent ...Bc3.} 29. Nc4 {[#]} Rxc4 $1 {[%mdl 512]} 30. bxc4 {and the idea c5 leaves White hopeful.} Nc3 31. Nc1 Rb8 32. Bxb7 Rxb7 33. Nb3 Nxe2+ 34. Kg2 Bc3 {Precision: White = 26%, Black = 79%.} 0-1

[Event "84th Annual Southwest Open"]
[Site "Irving"]
[Date "2018.09.02"]
[Round "6"]
[White "Vorontsov, Pavlo"]
[Black "Hilby, Craig"]
[Result "0-1"]
[WhiteElo "2578"]
[BlackElo "2420"]
[Annotator "TA"]
[PlyCount "48"]
[EventDate "2018.08.31"]
[EventType "swiss"]
[EventCountry "USA"]
[SourceTitle "playchess.com"]
[Source "ChessBase"]
[SourceQuality "1"]

{[%evp 21,48,4,4,1,11,-18,-26,-66,-4,-25,-28,-13,-22,-52,-47,-47,-77,-83,-83,-83,-86,-85,-89,-118,-120,-281,-279,-275,-275]} 1. Nf3 Nf6 2. c4 g6 3. d4 Bg7 4. Nc3 d5 5. cxd5 Nxd5 6. e4 Nxc3 7. bxc3 c5 8. Bb5+ Nc6 9. O-O O-O 10. Be3 Bg4 11. Bxc6 bxc6 {LiveBook: 4 Games} 12. Rc1 {D85: Exchange Grünfeld: Unusual White 7th moves and lines with 7 Nf3} Qa5 13. Qe2 Rfd8 14. Rfd1 {[#] Black has an edge.} Rd7 $146 (14... cxd4 $15 15. cxd4 e5) ({Predecessor:} 14... Qa4 15. Rd2 e5 16. Bg5 Rd7 17. dxe5 Rxd2 18. Qxd2 Qxe4 19. Re1 Qd5 20. Qxd5 cxd5 {0-1 (45) Shulman,Y (2542)-Wang,Y (2705) Ningbo 2013}) 15. h3 (15. e5 {keeps more tension.} Qb5 16. Qc2 Bf5 17. Qd2 Rad8 18. Re1) 15... Bxf3 $1 16. Qxf3 Qxa2 17. dxc5 Rad8 18. Rxd7 Rxd7 19. e5 {[#]} Qe6 $1 20. Bd4 Bxe5 21. Re1 {[#]} Bh2+ $1 {[%mdl 512]} 22. Kf1 (22. Kxh2 Qxe1) 22... Qc4+ 23. Re2 $2 (23. Qe2 $17 Qd5 24. Qe4 Qxe4 25. Rxe4) 23... e5 $19 24. Qxc6 Rd5 {Precision: White = 37%, Black = 82%.} 0-1

[Event "84th Annual Southwest Open"]
[Site "Irving"]
[Date "2018.09.02"]
[Round "6"]
[White "Matsenko, Sergei"]
[Black "Nakar, Eylon"]
[Result "1/2-1/2"]
[WhiteElo "2533"]
[BlackElo "2461"]
[Annotator "TA"]
[PlyCount "43"]
[EventDate "2018.08.31"]
[EventType "swiss"]
[EventCountry "USA"]
[SourceTitle "playchess.com"]
[Source "ChessBase"]
[SourceQuality "1"]

{[%evp 29,43,22,26,21,13,6,4,5,8,5,10,0,0,0,0,0]} 1. d4 Nf6 2. c4 e6 3. Nf3 d5 4. Nc3 Be7 5. Bf4 O-O 6. e3 c5 7. dxc5 Bxc5 8. a3 Nc6 9. cxd5 Nxd5 10. Nxd5 exd5 11. Bd3 Bb6 12. O-O Qf6 {D37: Damengambit (5.Lf4)} (12... Bg4 13. h3 Bh5 14. Bb1 d4 15. Qd3 Bg6 16. e4 Re8 17. Re1 Qe7 18. Qb5 f6 19. Nh4 Bf7 20. Nf5 Qc5 {½-½ (66) So,W (2780)-Anand,V (2768) Saint Louis 2018}) 13. b4 h6 14. b5 Nd4 15. Nxd4 Bxd4 {LiveBook: 5 Partien} 16. exd4 Qxf4 {Die Stellung ist ausgeglichen.} 17. g3 Qd6 18. Re1 Bd7 {[#]} 19. Qb3 $146 ({Vorgänger:} 19. Qd2) 19... Rfe8 20. Bf1 Rxe1 21. Rxe1 Rc8 22. h4 1/2-1/2

[Event "84th Annual Southwest Open"]
[Site "Irving"]
[Date "2018.09.02"]
[Round "6"]
[White "Preotu, Razvan"]
[Black "Xiong, Jeffery"]
[Result "0-1"]
[WhiteElo "2513"]
[BlackElo "2650"]
[Annotator "TA"]
[PlyCount "184"]
[EventDate "2018.08.31"]
[EventType "swiss"]
[EventCountry "USA"]
[SourceTitle "playchess.com"]
[Source "ChessBase"]
[SourceQuality "1"]

{[%evp 23,184,4,20,15,15,14,0,15,7,13,20,0,0,0,14,16,7,0,2,-30,-24,-24,-31,-41,-40,-49,-59,-56,-47,-79,-56,-40,-47,-42,-41,-28,-33,-43,-43,-41,0,-8,-8,-9,-8,-8,-12,-6,-8,-149,-134,-139,-70,-72,-81,-148,-144,-154,-154,-154,-147,-149,-141,-180,-127,-133,-133,-135,-83,-90,-90,-117,-76,-83,-54,-54,-54,-54,0,-54,-59,-60,-60,-266,-272,-252,-263,-265,-248,-223,-252,-259,-249,-239,-232,-308,-197,-198,-197,-198,-191,-191,-184,-176,-127,-98,0,-316,-310,-312,-312,-310,-252,-223,-237,-223,-205,-310,-310,-299,-264,-220,-205,-205,-189,-196,-189,-363,-189,-189,-189,-223,-222,-635,-635,-630,-552,-543,-511,-543,-523,-628,-621,-552,-506,-985,-993,-662,-852,-618,-493,-896,-840,-627,-664,-1433,-1432,-1410,-1400,-1363,-1362,-1237,-1328]} 1. e4 c5 2. Nf3 d6 3. d4 cxd4 4. Nxd4 Nf6 5. Nc3 a6 6. Be3 e5 7. Nf3 Qc7 8. a4 Be6 9. Ng5 {B90: Sicilian Najdorf: Unusual White 6th moves, 6 Be3 Ng4 and 6 Be3 e5} Bd7 10. Be2 h6 11. Nf3 Be6 12. O-O Qc6 {LiveBook: 4 Games} 13. Qd3 $146 ({Predecessor:} 13. Ne1 Nbd7 14. Nd3 a5 15. f4 Nxe4 16. Nxe4 Qxe4 17. Qd2 Qh7 18. Qc3 Qe4 19. Qd2 Qh7 20. Qc3 Qe4 {½-½ (18) Erenburg,S (2564)-Xiong,J (2650) Greensboro 2018}) 13... Nbd7 14. Rfd1 Nc5 15. Bxc5 $1 Qxc5 16. Nd2 Rc8 17. Nf1 Be7 18. Ne3 O-O 19. Bf3 Qb4 $36 {[%mdl 2048] Black is pushing.} 20. Ne2 Nd7 {[%cal Bf6d7,Bd7c5,Bc5a4][%mdl 32]} 21. Qa3 (21. c3 {feels hotter.} Qb3 22. Qb1 g6 23. Nf5 gxf5 24. exf5 Bc4 25. Nc1) 21... Qxa3 22. Rxa3 Bg5 23. Rd2 Rc6 24. Rc3 Nc5 25. a5 $1 Rfc8 26. Rd1 Na4 27. Rxc6 Rxc6 28. b3 Bxe3 29. fxe3 Nc5 30. Nd4 exd4 31. exd4 Nd7 32. d5 {[#]} Bxd5 $1 {[%mdl 512]} 33. Rxd5 $11 {[%mdl 4096] Endgame KRB-KRN} Kf8 34. c4 Ke7 35. Kf2 Rc5 36. Ke3 (36. Be2 $11 {remains equal.}) 36... Ne5 $1 $17 37. Kd4 {[#]} Rxa5 $1 {[%mdl 512]} 38. Rxa5 $15 Nc6+ 39. Kc3 (39. Kd5 $142 Nxa5 40. Bd1) 39... Nxa5 $17 {KB-KN} 40. b4 Nc6 41. Bg4 Kd8 42. c5 Ne5 43. Be2 Kc7 (43... Kd7 $19 44. Bd1 dxc5 45. bxc5 Nc6) 44. Kd4 Nc6+ 45. Kc4 Nb8 (45... f6 $142 46. Bh5 dxc5 47. bxc5 b5+ 48. cxb6+ Kxb6) 46. Kd5 dxc5 47. bxc5 Nc6 48. e5 a5 {Hoping for ...a4.} 49. Bd1 Ne7+ 50. Kd4 Nc6+ 51. Kd5 Kd7 52. Ba4 Ke7 53. Bxc6 $2 (53. g3 $15) 53... bxc6+ $19 54. Kxc6 $15 {KP-KP} a4 {aiming for ...a3.} 55. Kb6 a3 {Threatens to win with ...a2.} 56. c6 {intending c7.} a2 57. c7 a1=Q $1 (57... Kd7 58. Kb7 $11) 58. c8=Q $19 {KQ-KQ} Qb2+ (58... Qxe5 59. Qb7+ Kf6 60. Qf3+ Kg6 61. Qg4+ Kh7 62. Qf3 $17) 59. Ka7 Qa2+ (59... Qxe5 60. Qb7+ Kf6 61. Qf3+ Kg6 62. Qg4+ Kh7 63. h3 $17) (59... Qxg2 60. Qc5+ Ke6 61. Qc4+ Kxe5 62. Qxf7 $17) 60. Kb8 Qb3+ (60... Qxg2 61. Qc7+ Ke6 62. Qc4+ Kxe5 63. Qxf7 $17) 61. Ka7 Qa4+ 62. Kb6 Qb4+ 63. Ka6 Qa3+ 64. Kb6 Qb2+ $2 (64... Qd3 $1 $17 65. Qc6 Qd8+ 66. Ka6 Qd4) 65. Ka7 $1 Qf2+ (65... Qxe5 66. Qb7+ Kf6 67. h3 $17) (65... Qxg2 66. Qc7+ Ke6 67. Qc4+ Kxe5 68. Qxf7 $17) 66. Ka6 Qa2+ (66... Qxg2 67. Qc5+ Ke6 68. Qd6+ Kf5 69. Qd7+ Kg6 70. Qd6+ Kh5 71. Qd7 $19) 67. Kb5 Qd5+ 68. Kb4 Qxg2 (68... Qxe5 69. g3 $17) 69. Qc7+ Ke6 70. Qd6+ (70. Qc4+ $142 Kxe5 71. Qxf7) 70... Kf5 71. Qd7+ Kg6 ({Inferior is} 71... Kxe5 72. Qe7+ Kd4 73. Qa7+ (73. Qc5+ Kd3 $11) 73... Kd3 74. Qa3+ Ke2 75. Qa2+ Kf1 76. Qa1+ Ke2 77. Qa2+ Kf1 78. Qa1+ Kf2 79. Qd4+ Ke2 80. Qe5+ Kf1 81. Qa1+ $11) 72. Qd3+ Kg5 73. Kc5 Qf2+ ({And not} 73... Qxh2 74. Qd8+ f6 75. e6 $11) 74. Kc6 h5 ({Worse is} 74... Qxh2 75. Qd8+ Kg6 76. Qd3+ Kh5 77. Qd1+ Kh4 78. Qd4+ Kg3 79. Qc3+ Kf4 80. Qd4+ Kf3 81. Qd3+ Kf4 82. Qd4+ Kf5 83. Qd7+ Kg5 84. Qd8+ Kg6 85. Qd3+ Kh5 86. Qd1+ Kg5 87. Qd8+ $11) 75. Qd8+ $2 (75. Qd5 Kg4 76. Qe4+ Kh3 77. e6 fxe6 78. Qxe6+ Kxh2 79. Qe5+ Kg2 80. Qxg7+ Qg3 81. Qb2+ Kh3 82. Kd7) 75... Kg6 (75... Kg4 $142 76. Qd1+ Kh4) 76. Qd6+ {[#]} Kh7 $1 77. Qd3+ {[#]} g6 $1 {[%cal Bg7g6,Bg6g5][%mdl 32]} 78. h3 $2 (78. Qd5) 78... Qf5 {Black is clearly winning.} 79. Qe3 Qe6+ 80. Kb5 Kg8 81. Qg3 Qf5 82. Kc4 g5 83. Kd4 Kg7 84. Qc3 (84. Ke3 $142 h4 85. Qh2) 84... Qd7+ 85. Ke4 Kg6 86. Qg3 Qf5+ 87. Ke3 (87. Kd5 $142 f6 88. Kd4) 87... Qf1 88. Qh2 Qc4 89. Qb2 Qf4+ 90. Kd3 Qf3+ 91. Kd4 Qxh3 92. Qb6+ Qe6 {Precision: White = 58%, Black = 71%.} 0-1